Příprava statistiky vnitrounijního obchodu - Intrastat
Právna úprava pre štatistické sledovanie vnútorného obchodu Európskej únie. Rozsah ukazovateľov sledovaných štatistikou Intrastat. Zber a spracovanie štatistických údajov v ČR a ich publikovanie.
Salvato in:
| Autore principale: | |
|---|---|
| Natura: | Capitolo di libro |
| Lingua: | ceco |
| Soggetti: | |
| Tags: |
Nessun Tag, puoi essere il primo ad aggiungerne!!
|
MARC
| LEADER | 00000naa a2200000 4500 | ||
|---|---|---|---|
| 001 | r047994 | ||
| 005 | 20231002094038.6 | ||
| 041 | 0 | |a cze | |
| 044 | |a CZ | ||
| 245 | 1 | 0 | |a Příprava statistiky vnitrounijního obchodu - Intrastat |c Kamil Kundlák |
| 520 | |a Právna úprava pre štatistické sledovanie vnútorného obchodu Európskej únie. Rozsah ukazovateľov sledovaných štatistikou Intrastat. Zber a spracovanie štatistických údajov v ČR a ich publikovanie. | ||
| 610 | 2 | 0 | |a Európska únia |
| 610 | 2 | 0 | |a Intrastat |
| 610 | 2 | 0 | |a obchod vnútorný |
| 610 | 2 | 0 | |a údaje štatistické medzinárodné |
| 610 | 2 | 0 | |a ukazovatele štatistické |
| 610 | 2 | 0 | |a úpravy právne |
| 610 | 2 | 0 | |a Česko |
| 100 | 1 | |a Kundlák, Kamil | |